01317mam a2200253 a 4500001000800000005001700008008004100025020001500066035002300081040001300104082002200117100003700139110003300176245009800209250001100307260005400318300004100372505044200413610004300855650003200898650004600930650004300976700004401019242806920220326193310.0010409s1997 cr a c 000 0 spa d a9968976326 a(OCoLC)ocm46689604 aAZUcAZU a708.972.86bR741m aRojas González, José Miguel,2 aMuseo de Arte Costarricense.10aMuseo de Arte Costarricense :bXX aniversario, 1977-1997 /c[José Miguel Rojas González]. a1. ed. aSan José :bMuseo de Arte Costarricense,c1997. a136 p. :bill. (some col.) ;c28 cm. tLa joya de la SabanarGuido Saenz GonzaleztMemoria de la memoriarEduardo FaithtMuseo de Arte Costarricense tAdministraciones del Museo de Arte Costarricense tColeccion Nacional tColeccion Internacional tGaleria Direccion General de Artes y Letras tMuseo de Arte Costarricense tExposiciones organizadas en el exterior tSala Julian Marchena, Galeria Nacional de Arte Contemporaneo tGaleria Enrique EchanditGaleria Jorge Debravo20aMuseo de Arte CostarricensevCatalogs. 0aArt, Costa RicanvCatalogs. 0aArt, Costa Ricany20th centuryvCatalogs. 0aArtzCosta RicazSan JosévCatalogs.1 aRojas González, José Miguel,d1959-